[Event "Wch Blitz qf (Women)"]
[Site "Moscow"]
[Date "2010.09.14"]
[Round "1"]
[White "Sukhareva, Evgenia"]
[Black "Badzhieva, Giliana"]
[Result "1-0"]
[WhiteElo "2198"]
[BlackElo "1855"]
[PlyCount "49"]
[EventDate "2010.09.14"]
[EventType "swiss (blitz)"]
[EventRounds "11"]
[EventCountry "RUS"]
[SourceTitle "CBM 138 Extra"]
[Source "ChessBase"]
[SourceDate "2010.10.29"]
[SourceVersion "1"]
[SourceVersionDate "2010.10.29"]
[SourceQuality "1"]

1. d4 c6 2. c4 d6 3. Nc3 Nd7 4. g3 h6 5. Bg2 g5 6. e4 Bg7 7. Nge2 Nf8 8. Be3 Qa5 9. Qd2 Bd7 10. f4 g4 11. f5 h5 12. Nf4 a6 13. h3 Nf6 14. a3 Qc7 15. h4 e5 16. fxe6 Nxe6 17. 0-0 0-0-0 18. d5 Nf8 19. b4 c5 20. bxc5 dxc5 21. Nd3 b6 22. e5 N6h7 23. d6 Qa7 24. Rxf7 Rg8 25. Nd5 1-0

[Event "Moscow op (Women)"]
[Site "Moscow"]
[Date "2009.02.03"]
[Round "4"]
[White "Badzhieva, Giliana"]
[Black "Vanchikova, Dulma"]
[Result "1-0"]
[WhiteElo "1400"]
[BlackElo "1799"]
[PlyCount "157"]
[EventDate "2009.01.31"]
[EventType "swiss"]
[EventRounds "9"]
[EventCountry "RUS"]
[SourceTitle "EXT 2012"]
[Source "ChessBase"]
[SourceDate "2011.11.24"]
[SourceVersion "1"]
[SourceVersionDate "2011.11.24"]
[SourceQuality "1"]

1. e4 e5 2. f4 exf4 3. Nf3 Bc5 4. Bc4 d6 5. d4 Bb6 6. Bxf4 h6 7. 0-0 Bg4 8. c3 Ne7 9. Qb3 0-0 10. Nbd2 Nbc6 11. Qc2 Ng6 12. Be3 Kh8 13. h3 Be6 14. Bd3 Nce7 15. Nc4 f5 16. e5 dxe5 17. Ncxe5 Nxe5 18. Nxe5 Rf6 19. a3 Qd6 20. Kh1 Raf8 21. Rf2 c5 22. Bf4 Qd8 23. dxc5 Bxc5 24. Rd2 Qe8 25. Bc4 Bxc4 26. Nxc4 Ng6 27. Bd6 Bxd6 28. Nxd6 Qc6 29. Rad1 Nf4 30. Rd4 Nh5 31. Qd3 Rg6 32. Rd2 Rg3 33. Qc4 Rxh3+ 34. Kg1 Re3 35. Qxc6 bxc6 36. Ra4 f4 37. Kf2 Ng3 38. Rad4 Nh1+ 39. Kg1 Re1+ 40. Kh2 Ng3 41. Rd1 Re5 42. Nc4 Rh5+ 43. Kg1 Ne2+ 44. Kf2 Nxd4 45. Rxd4 Rhf5 46. Rd7 R5f7 47. Rd6 Rf6 48. Rd7 R8f7 49. Rd8+ Kh7 50. Rc8 g5 51. Ne5 Rb7 52. b4 h5 53. Nxc6 Rd7 54. Nd4 g4 55. Rc5 Kg6 56. b5 Re7 57. a4 g3+ 58. Kf1 h4 59. Nf3 Rh7 60. Rg5+ Kf7 61. Rc5 Rhh6 62. Ng5+ Ke7 63. Rc7+ Kd8 64. Rxa7 Rfg6 65. Nf7+ Kc8 66. Nxh6 Rxh6 67. a5 h3 68. gxh3 Rxh3 69. Rf7 Rh4 70. b6 Rh1+ 71. Kg2 Rh2+ 72. Kg1 Rf2 73. a6 f3 74. a7 Rg2+ 75. Kf1 Rf2+ 76. Ke1 Re2+ 77. Kd1 Ra2 78. b7+ Kd8 79. b8Q# 1-0

[Event "Moscow op (Women)"]
[Site "Moscow"]
[Date "2009.01.31"]
[Round "1"]
[White "Suslova, Alena"]
[Black "Badzhieva, Giliana"]
[Result "1-0"]
[WhiteElo "2147"]
[BlackElo "1400"]
[PlyCount "87"]
[EventDate "2009.01.31"]
[EventType "swiss"]
[EventRounds "9"]
[EventCountry "RUS"]
[SourceTitle "EXT 2012"]
[Source "ChessBase"]
[SourceDate "2011.11.24"]
[SourceVersion "1"]
[SourceVersionDate "2011.11.24"]
[SourceQuality "1"]

1. c4 e5 2. Nc3 d6 3. g3 Nf6 4. Bg2 Nbd7 5. Nf3 Be7 6. 0-0 0-0 7. e3 Re8 8. d3 Nf8 9. Rb1 Rb8 10. b4 Bg4 11. h3 Bh5 12. Qc2 h6 13. Nh2 Bg6 14. f4 Nh5 15. g4 Ng3 16. Rf3 Bh4 17. f5 Bh7 18. Bd2 Nd7 19. e4 h5 20. Be1 hxg4 21. hxg4 Nxf5 22. gxf5 Bg5 23. Bd2 Bf6 24. Be3 c6 25. Bxa7 Ra8 26. Be3 Nb6 27. Rh3 d5 28. Bxb6 Qxb6+ 29. c5 Qa6 30. Ng4 Bg5 31. Rb2 f6 32. Bf1 b5 33. Qh2 Bh6 34. Nxh6+ gxh6 35. Rxh6 Re7 36. Rg2+ Kh8 37. Qh4 Rf8 38. Rxf6 Qc8 39. Qh6 Rg8 40. Rxc6 Rxg2+ 41. Bxg2 Qg8 42. Qf6+ Rg7 43. Rc7 dxe4 44. dxe4 1-0